Strictly Contestants 2022 - Statistics

General Stats
  • This quiz has been taken 9 times
  • The average score is 12 of 15
Answer Stats
Exit Answer % Correct
Finalist Fleur East
100%
Week 12 Will Mellor
100%
Week 7 Ellie Simmonds
86%
Week 10 Ellie Taylor
86%
Finalist Helen Skelton
86%
Week 6 James Bye
86%
Week 5 Jayde Adams
86%
Week 2 Kaye Adams
86%
Week 3 Richie Anderson
86%
Week 11 Kym Marsh
71%
Week 8 Tony Adams
71%
Finalist Hamza Yassin
57%
Week 4 Matt Goss
57%
Finalist Molly Rainford
57%
Week 9 Tyler West
57%
No matching quizzes found
Score Distribution
Percent of People with Each Score
Percentile by Number Answered
Your Score History
You have not taken this quiz